|
|
|
|
| LEADER |
00000nab a2200000 a 4500 |
| 001 |
vtls000635448 |
| 003 |
SK-MaSNL |
| 005 |
20260304234032.0 |
| 008 |
250425c19971998xo 0 slo |
| 015 |
|
|
|a SNBRB19rr/mm-uuuuu
|
| 035 |
|
|
|a CL0635587
|
| 035 |
|
|
|a urn:nbn:sk:snk-ab1e27
|
| 035 |
|
|
|a (urnnbn)urn:nbn:sk:snk:ar-002uer
|
| 035 |
|
|
|a (uuid)e0851099-4a59-412f-96e2-acbb629113d5
|
| 040 |
|
|
|a SNKBUCL
|b slo
|c SNKBUCL
|e AACR2
|
| 041 |
0 |
|
|a slo
|
| 044 |
|
|
|a xo
|c SK
|
| 080 |
|
|
|a 373.21
|2 1981
|
| 100 |
1 |
|
|a Guziová, Katarína
|4 aut
|9 207281
|
| 245 |
1 |
0 |
|a Prosociálny výchovný štýl v materskej škole
|c Katarína Guziová
|
| 300 |
|
|
|b Obr. 3, lit. 4 zázn. v češ., slov.
|
| 500 |
|
|
|a Začiatok
|
| 650 |
0 |
7 |
|a predškolská výchova
|2 snkbucl
|9 3959
|
| 650 |
0 |
7 |
|a prosociálna výchova
|2 snkbucl
|9 66753
|
| 655 |
|
7 |
|a články z novín a časopisov
|2 snkbucl
|9 267496
|
| 773 |
0 |
|
|t Predškolská výchova
|g Roč. 52, č. 1 (1997/1998), s. 6-10
|
| 850 |
|
|
|a Slovenská národná knižnica
|
| 852 |
|
|
|a Slovenská národná knižnica
|
| 954 |
|
|
|a odborná, vedecká literatúra pôvodná (slovenská)
|2 lita
|
| 958 |
|
|
|a article27
|
| 958 |
|
|
|a RK
|
| 958 |
|
|
|a OND
|
| 958 |
|
|
|a EUIPO
|
| 992 |
|
|
|a RBX
|
| 999 |
|
|
|c 3201680
|d 3203610
|